[Event "IOM Open-Masters 2017"]
[Site "Douglas"]
[Date "2017.09.28"]
[Round "6"]
[White "Lampert, Jonas"]
[Black "Vaishali R"]
[Result "1-0"]
[WhiteElo "2514"]
[BlackElo "2329"]
[Annotator "TA"]
[PlyCount "107"]
[EventDate "2017.??.??"]
[EventType "swiss"]
[EventCountry "GBR"]
[SourceTitle "playchess.com"]
[Source "ChessBase"]
[SourceQuality "1"]

{[%evp 20,107,79,80,87,70,70,71,73,61,60,47,243,171,171,174,182,170,173,166,185,174,167,151,134,135,307,313,408,375,466,443,441,356,520,79,95,101,98,106,108,94,106,70,110,106,246,254,861,686,1006,1002,982,967,1251,120,120,104,131,79,81,82,93,83,81,79,200,178,285,285,285,262,302,268,481,481,588,523,983,958,991,840,2236,1716,29966,29947,12797,5843,29974,11993]} 1. d4 Nf6 2. c4 c5 3. d5 e6 4. Nc3 exd5 5. cxd5 Bd6 6. Nf3 O-O 7. Bg5 Re8 8. e3 {A60: Modern Benoni: Early Divergences} h6 (8... a6 9. Bd3 Bf8 10. d6 h6 11. Bh4 b5 12. a4 g5 13. Bg3 b4 14. Nb1 Nc6 15. Nbd2 Bg7 {½-½ (38) Giri,A (2714)-Karjakin,S (2763) Beijing 2011}) 9. Bh4 Bc7 10. d6 Ba5 11. Bc4 {LiveBook: 5 Games} b5 12. Bd5 Nc6 13. O-O {Strongly threatening Bxf6.} Bxc3 14. bxc3 {Hoping for Bxf6.} Bb7 $146 ({Predecessor:} 14... g5 15. Bg3 Bb7 {1-0 (58) Mueller,W (2119)-Kuzaj,H (2208) GER email 2007}) 15. a4 (15. Qb1 {with more complications.} Na5 16. Bxb7 Nxb7 17. Qxb5 Nxd6 18. Qxc5 Nde4 19. Qd4) 15... Na5 $2 (15... g5 $1 $14) 16. Bxf6 ({Don't play} 16. axb5 $6 Bxd5 17. Bxf6 Bxf3 $16) 16... Qxf6 17. axb5 Qxc3 18. Bxb7 $1 Nxb7 19. Qd5 Na5 20. Rfc1 {[%cal Bf1c1,Bc1c5,Bc5c7][%mdl 32]} Qb2 21. Rab1 ({Stronger than} 21. Qxc5 Nb3 $17) 21... Qf6 22. Rxc5 {aiming for Rc7.} Rab8 $2 (22... Qe6 $16 23. Qd3 Nb7) 23. Rc7 $18 a6 {and if ...Rxb5 works, Black does fine.} 24. h3 Qg6 25. Rb2 Qf6 26. Rb4 Nc6 (26... axb5 {was worth a try.} 27. Rxb5 (27. Rxd7 Qe6 $18) 27... Rxb5 28. Qxb5 Nc6 29. Rxd7 Ne5) 27. Rb3 $2 (27. bxc6 $18 {has better winning chances.} Rxb4 28. cxd7) 27... axb5 28. Rxd7 Ne5 29. Nxe5 Rxe5 30. Qd4 {Black must now prevent Rc7.} Qf5 31. Qg4 Qc2 {[#]} 32. Rb4 $1 {Rc7 is the strong threat.} Ra8 (32... Qc1+ $16 {might work better.} 33. Kh2 Qc6) 33. Qf3 Ra1+ $2 (33... Rf8 34. Rc7 Rc5 35. Rxc5 Qxc5) 34. Kh2 Qg6 35. Rd8+ Kh7 36. d7 Qd6 37. Qf4 $2 (37. Rd4 $18 {is the precise move to win.} Rd5+ 38. g3 Rxd4 39. exd4) 37... Rd1 $16 38. Rc8 Red5 39. d8=Q $40 {[%mdl 128] Black is in trouble.} (39. Rc7 $142) 39... Qxf4+ 40. Rxf4 {Intending Qh8+ and mate.} Rxd8 41. Rxd8 (41. Rc5 {seems wilder.} Kg6 42. Rg4+ Kf6 43. Rxb5 R1d5 44. Rf4+) 41... Rxd8 42. Rxf7 {[%mdl 4096] Endgame KR-KR} Rd2 {[#]} (42... Rb8 $16 {is a better defense.}) 43. Kg3 $1 $18 Kg6 (43... Rd3 $142 44. Rb7 Rb3) 44. Rb7 Rb2 45. f4 {[%cal Bf2f4,Bf4f5][%mdl 32]} Rb3 46. Kf3 h5 $2 (46... Kf6 47. Rb6+ Ke7 48. Rb7+ Kf6) 47. g4 hxg4+ 48. hxg4 b4 49. f5+ Kh6 50. Kf4 {g5+ would kill now.} g5+ 51. Ke4 Rb1 52. Ke5 b3 53. Kf6 (53. e4 $142 b2 54. Kf6) 53... b2 54. Rb8 {Precision: White = 65%, Black = 28%.} 1-0

[Event "IOM Open-Masters 2017"]
[Site "Douglas"]
[Date "2017.09.28"]
[Round "6"]
[White "Nihal Sarin"]
[Black "Pranav Vijay"]
[Result "1-0"]
[WhiteElo "2483"]
[BlackElo "2265"]
[Annotator "TA"]
[PlyCount "97"]
[EventDate "2017.??.??"]
[EventType "swiss"]
[EventCountry "GBR"]
[SourceTitle "playchess.com"]
[Source "ChessBase"]
[SourceQuality "1"]

{[%evp 10,96,17,15,7,-20,-16,-27,-7,-10,-6,-6,-8,-6,47,43,37,41,64,0,0,0,45,40,112,104,112,116,99,0,0,0,0,-33,36,29,35,22,76,81,94,94,101,0,58,0,93,80,153,153,151,145,147,150,153,146,147,149,156,148,321,291,304,277,277,208,265,201,280,267,763,733,885,867,777,754,29979,29980,29980,29980,29980,29981,29981,29981,29992,29993,29993,29994,29999]} 1. b3 e5 2. Bb2 Nc6 3. e3 a6 4. Nf3 (4. c4 Nf6 5. Nf3 e4 6. Nd4 d6 7. Nxc6 bxc6 8. Qc2 d5 9. Nc3 Be7 10. d3 O-O 11. O-O-O Bg4 12. Rd2 exd3 13. Bxd3 {1-0 (79) Petrosian,T (2671)-Kotronias,V (2565) Moscow 2015}) 4... e4 5. Nd4 Nxd4 6. Bxd4 {LiveBook: 3 Partien. A01: Larsen-Eröffnung} d5 7. Bb2 $146 ({Vorgänger:} 7. d3 Nf6 8. Nd2 Bf5 9. dxe4 dxe4 10. h3 Bg6 11. g4 h5 {1-0 (46) Cruz,C (2541)-Rathanvel,V (2374) Sitges 2016}) 7... Nf6 8. c4 {Die Stellung ist ausgeglichen.} dxc4 9. bxc4 Bf5 10. Be2 Bd6 11. g4 Be6 (11... Bg6 $11) 12. Nc3 $14 ({Bitte nicht} 12. g5 Nd7 $15) 12... h6 13. Qc2 Be5 14. h4 (14. Rb1 $14) 14... Qd7 15. Rg1 {zielt auf g5 ab.} Bxc3 16. Bxc3 {Und g5 würde nun gewinnen.} O-O-O (16... Qc6 $1 $14) 17. g5 $1 $16 {[%cal Rg5f6]} hxg5 18. hxg5 Ne8 19. c5 (19. Qxe4 $16 Qa4 20. Qg2) 19... Qc6 $11 20. Bd4 $1 Rh4 21. Qb2 Rd5 (21... f6 $15) 22. f4 $14 Rd8 23. a4 g6 (23... f6 $11) 24. Kf2 $16 Rh2+ 25. Rg2 Rh7 26. Rgg1 Rh2+ $1 27. Rg2 (27. Ke1 $14) 27... Rh4 (27... Rh7 $1 $11 {hält das Gleichgewicht.}) 28. Rb1 Bd5 {[#]} (28... Kb8 $142) 29. Kg3 $1 $36 {[%cal Rg3h4][%mdl 2048] Schwarz muss aufpassen.} Rh7 30. a5 Be6 31. Rh2 Rxh2 32. Kxh2 Kb8 33. Kg3 Bc8 34. Kf2 Bf5 $2 {[#]} (34... Be6 $16 {war einen Versuch wert.} 35. Rh1 Kc8) 35. Bc4 $1 $18 Be6 36. Bxe6 fxe6 37. Rh1 Qd7 38. Rh6 e5 39. Bxe5 ({Schlechter ist} 39. fxe5 Ng7 $11) 39... Qg4 $2 (39... Kc8 40. Qc1 (40. Rxg6 Qg4 $11) 40... Qg4) 40. c6 $1 {[%csl Gc6][%cal Rb2b7]} Qf3+ 41. Ke1 {[%csl Gc6][%cal Rb2b7]} Qg3+ 42. Kd1 {[%csl Gc6][%cal Rb2b7]} Qf3+ 43. Kc2 {[%csl Gc6][%cal Rb2b7] Weiß setzt Matt.} Rxd2+ 44. Kxd2 {[%csl Gc6][%cal Rb2b7]} Qf2+ 45. Kc3 {[%csl Gc6][%cal Rb2b7]} Qxe3+ 46. Kb4 Qd3 47. Kc5 {[%csl Gc6][%cal Rb2b7]} Qe3+ 48. Bd4 {[%csl Gc6][%cal Rb2b7]} Qd3 49. Qxb7# {Precision: Weiß = 70%, Schwarz = 37%.} 1-0

[Event "IOM Open-Masters 2017"]
[Site "Douglas"]
[Date "2017.09.28"]
[Round "6"]
[White "Hambleton, Aman"]
[Black "Sargissian, Gabriel"]
[Result "0-1"]
[WhiteElo "2479"]
[BlackElo "2652"]
[Annotator "TA"]
[PlyCount "106"]
[EventDate "2017.??.??"]
[EventType "swiss"]
[EventCountry "GBR"]
[SourceTitle "playchess.com"]
[Source "ChessBase"]
[SourceQuality "1"]

{[%evp 21,106,20,19,0,2,0,-7,0,-7,-14,29,6,24,0,0,0,5,-4,0,0,0,0,0,-7,-9,-8,0,0,0,0,0,0,40,45,38,39,19,6,12,-1,12,7,10,7,21,0,0,0,0,0,0,0,0,0,0,0,0,0,0,0,0,0,0,-29,-29,-29,-29,-29,-29,-29,-18,-31,-31,-47,-8,-144,-122,-266,-281,-375,-387,-385,-374,-312,-271,-333,-329]} 1. c4 e6 2. Nf3 Nf6 3. b3 b6 4. g3 Bb7 5. Bg2 c5 6. O-O Be7 7. Bb2 O-O 8. Nc3 d6 9. e3 Nbd7 10. d3 a6 11. Qe2 {A30: Englische Eröffnung (Symmetrische Variante)} Re8 {LiveBook: 4 Partien} 12. Rad1 $146 ({Vorgänger:} 12. Ne1 Qb8 13. g4 g6 14. f4 Ra7 15. a4 Bf8 16. e4 Bg7 17. Nc2 Bc6 18. b4 cxb4 19. Nxb4 Ba8 20. Rab1 Qc8 21. Kh1 h6 22. h3 Rc7 23. Qd2 {½-½ (23) Hasangatin,R (2481)-Gharamian,T (2558) Cappelle-la-Grande 2008}) 12... b5 13. Ne1 {Die Stellung ist ausgeglichen.} Bxg2 14. Nxg2 d5 15. g4 g6 16. f4 {zielt auf g5 ab.} d4 17. exd4 cxd4 18. Ne4 e5 19. g5 Nxe4 20. Qxe4 Bf8 21. Qf3 bxc4 22. bxc4 Rb8 23. Rf2 Bg7 24. h4 exf4 25. Nxf4 Re3 26. Qd5 Nb6 27. Qxd8+ Rxd8 28. Bc1 Ree8 29. Bd2 Na4 30. Nd5 Nc3 31. Bxc3 dxc3 32. Kf1 Bd4 33. Re2 Rxe2 34. Kxe2 $11 {[%mdl 4096] Endspiel KTL-KTS} Re8+ 35. Kf3 Kg7 36. Rc1 h5 37. Kf4 Re2 38. Nxc3 Rh2 $1 39. Ne4 Rh3 40. Rc2 Rxh4+ 41. Kg3 Rh1 $1 42. c5 Be5+ $1 43. Kf3 Rh3+ 44. Ke2 Rh2+ 45. Nf2 $1 Rg2 46. c6 Bc7 47. Rb2 h4 {Mit der Idee ...h3.} 48. Kf1 (48. d4 $1 $11) 48... Rxg5 $17 {Droht stark ...Tc5.} 49. Ne4 (49. Rb7 $17 Bh2 50. Rb4) 49... Rf5+ $19 50. Rf2 Re5 51. Kg2 f5 52. Ng5 Kf6 53. Nf3 Rc5 {Precision: Weiß = 38%, Schwarz = 74%.} 0-1

[Event "IOM Open-Masters 2017"]
[Site "Douglas"]
[Date "2017.09.28"]
[Round "6"]
[White "Zumsande, Martin"]
[Black "Eggleston, David J"]
[Result "1/2-1/2"]
[WhiteElo "2471"]
[BlackElo "2400"]
[Annotator "TA"]
[PlyCount "113"]
[EventDate "2017.??.??"]
[EventType "swiss"]
[EventCountry "GBR"]
[SourceTitle "playchess.com"]
[Source "ChessBase"]
[SourceQuality "1"]

{[%evp 18,113,55,50,50,42,49,26,39,44,80,83,102,102,180,106,159,145,165,154,104,42,35,28,73,36,82,22,54,20,21,16,54,66,51,60,145,93,106,111,100,98,89,68,159,163,154,152,176,161,161,99,95,82,81,98,92,0,0,0,0,0,0,0,0,0,0,0,0,0,0,0,0,0,0,7,0,0,0,0,0,0,0,0,0,0,0,0,0,0,0,0,0,0,0,0,0,0]} 1. e4 c5 2. Nf3 d6 3. c3 Nf6 4. h3 Bd7 5. Bd3 {[%cal Bf1d3,Bd3c2,Bc2b3][%mdl 32]} g6 6. O-O Bg7 7. Bc2 Nc6 8. d4 cxd4 9. cxd4 O-O 10. Nc3 {LiveBook: 11 Games} e5 {B50: Sicilian: 2...d6, Miscellaneous} (10... Rc8 11. e5 Ne8 12. Bf4 dxe5 13. dxe5 Nc7 14. Qd2 Be6 15. Qe3 Nb4 16. Be4 Ncd5 17. Nxd5 Nxd5 18. Qd2 {0-1 (28) Ovetchkin,R (2539)-Najer,E (2652) playchess.com INT 2006}) 11. dxe5 dxe5 12. Bb3 $146 ({Predecessor:} 12. Bg5 Qc8 13. Qd6 Ne8 14. Qd2 f5 15. Bh6 f4 16. Bxg7 Kxg7 17. Bb3 Nf6 18. Qd6 {1-0 (31) Pulido Ardila,L (1704)-Gomez Perez,J (1768) Villavicencio 2014}) 12... h6 {White has an edge.} 13. Be3 a6 14. Qd2 g5 15. Rfd1 Qa5 {[#]} (15... Be6 $16) 16. Qe2 (16. h4 $1 $18) 16... g4 ({Better is} 16... Rad8) 17. Nh4 $16 Nd4 18. Bxd4 exd4 19. Nd5 (19. Rxd4 $16 Qg5 20. e5) 19... Nxd5 $14 20. Bxd5 h5 21. hxg4 (21. Ng6 $5) 21... hxg4 22. Qd3 (22. g3 $16) 22... Qd8 23. Ng6 Re8 $1 {aiming for ...Qg5.} 24. Nf4 Qg5 25. g3 $1 Re7 26. Kg2 Be5 (26... Bb5 $14 27. Qd2 Rae8) 27. Rh1 ({White should play} 27. Qd2) 27... Bxf4 $16 28. gxf4 Qxf4 29. Qxd4 {[%csl Gd4][%cal Rh1h8]} Qe5 30. Bxf7+ Kg7 (30... Kxf7 $14 31. Rh7+ Kg6 32. Qxe5 Rxe5 33. Rxd7 Rxe4) 31. Qxe5+ Rxe5 32. Bd5 Bc6 33. Bxc6 bxc6 $18 {[%mdl 4096] Endgame KRR-KRR} 34. Rac1 (34. Rae1 $18) 34... Rxe4 $16 35. Rxc6 Re2 36. Rhh6 {Rcg6+ is the strong threat.} Rxb2 {[#]} 37. Rxa6 (37. Rcg6+ $1 $16 Kf7 38. Rf6+ (38. Rxa6 Rxa2 39. Raf6+ Ke8 $14) 38... Ke7 39. Rxa6 Rxa6 40. Rxa6) 37... Rxa2 $11 {The position is equal.} 38. Rag6+ Kf7 39. Rf6+ Ke7 40. Rb6 {White threatens Rb7+ and mate.} (40. Kg3 {looks sharper.} R2a3+ 41. Kg2 Rf3 42. Rb6 Kf7 43. Rb7+) 40... R2a7 41. Kg3 Kf7 42. Kh4 (42. Kxg4 Rg8+ 43. Kf5 Ra5+ 44. Kf4 Ra4+ 45. Kf3 Ra3+ 46. Kf4 Ra4+ 47. Kf3 Ra3+ 48. Kf4 Ra4+ $14) 42... Kg7 43. Rbg6+ Kf7 44. Rf6+ Kg7 45. Kxg4 Rf8 46. Rfg6+ Kf7 47. Rb6 {Threatens to win with Rh7+.} Rg8+ 48. Kh3 Rg7 49. f3 Ra1 {[%cal Ra1h1]} 50. Rb7+ Kg8 {[%cal Ra1h1]} 51. Rxg7+ Kxg7 {KR-KR} 52. Rb6 Ra5 53. Kg4 Kf7 54. f4 Rc5 55. Rd6 Ra5 56. f5 Ra1 57. Kg5 {Precision: White = 51%, Black = 49%.} 1/2-1/2

[Event "IOM Open-Masters 2017"]
[Site "Douglas"]
[Date "2017.09.28"]
[Round "6"]
[White "Visakh N R"]
[Black "Vignesh B"]
[Result "1-0"]
[WhiteElo "2458"]
[BlackElo "1712"]
[Annotator "TA"]
[PlyCount "89"]
[EventDate "2017.??.??"]
[EventType "swiss"]
[EventCountry "GBR"]
[SourceTitle "playchess.com"]
[Source "ChessBase"]
[SourceQuality "1"]

{[%evp 18,89,52,39,64,64,97,95,106,108,127,81,81,93,87,82,108,89,89,113,121,97,112,128,115,121,175,175,185,168,190,174,169,176,200,219,228,188,411,410,399,108,263,269,262,239,247,163,144,141,175,162,162,147,266,233,243,259,359,335,450,447,5270,5143,29984,29985,29985,29986,29986,29987,29987,29988,29989,29990]} 1. d4 Nf6 2. c4 e6 3. Nf3 c5 4. d5 d6 5. Nc3 exd5 6. cxd5 g6 7. Bf4 Bg7 8. e3 O-O 9. h3 a6 10. a4 b6 {A61: Modern Benoni: Nf3 without early e4} (10... Qe7 11. Be2 Nbd7 12. O-O Ne8 13. Re1 Rb8 14. Bf1 Nc7 15. e4 Ne5 16. Nxe5 Bxe5 17. Bxe5 Qxe5 18. Qd2 {0-1 (58) Tregubov,P (2593)-Ponkratov,P (2590) St Petersburg 2017}) 11. Nd2 Bb7 12. Nc4 Ne8 {White is better.} 13. Be2 f5 14. O-O Qc7 15. Qd2 $146 ({Predecessor:} 15. a5 Nd7 16. axb6 Nxb6 17. Qb3 Nxc4 18. Bxc4 {1-0 (29) Li,R (2374)-Al Zarouni,K (1840) Al Ain 2015}) 15... Nd7 16. e4 Bd4 17. exf5 gxf5 18. Ra3 $36 {[%mdl 2048] Keeping Black busy.} Ne5 19. Rb3 Nf6 20. Nxb6 Rae8 21. Be3 Bxc3 (21... Bxe3 $16 22. fxe3 (22. Qxe3 Re7 $16) 22... Rf7) 22. bxc3 $18 Ne4 23. Qc1 Kh8 24. f4 Ng3 25. Re1 Nxe2+ 26. Rxe2 Ng6 {intending ...Nxf4.} 27. c4 {aiming for Qb2+.} Re4 $2 (27... Kg8 28. Reb2 Rf7) 28. Qb2+ Qg7 29. Qxg7+ Kxg7 30. Nd7 Rf7 31. Rxb7 Nf8 32. Nxf8 Rxb7 33. Ne6+ Kg6 34. Ng5 Rxc4 35. Bd2 $1 {Black must now prevent Re6+.} Rc2 (35... Rb1+ $16 36. Kf2 Rc2) 36. Re6+ Kg7 {[#]} 37. Be1 $1 ({Stronger than} 37. Rxd6 Rxd2 38. Nf3 Rd3 $17) 37... Rbb2 38. Kf1 Ra2 39. Rxd6 Rxa4 (39... Ra1 $142 40. Rxa6 Rd2) 40. Ne6+ Kf7 41. Rd7+ {White mates.} Ke8 {[#]} 42. Rd8+ $1 Kf7 43. Rf8+ Kg6 44. Rg8+ Kh6 45. d6 {Precision: White = 93%, Black = 22%.} 1-0

[Event "IOM Open-Masters 2017"]
[Site "Douglas"]
[Date "2017.09.28"]
[Round "6"]
[White "Esserman, Marc"]
[Black "L'ami, Alina"]
[Result "1/2-1/2"]
[WhiteElo "2453"]
[BlackElo "2286"]
[Annotator "TA"]
[PlyCount "74"]
[EventDate "2017.??.??"]
[EventType "swiss"]
[EventCountry "GBR"]
[SourceTitle "playchess.com"]
[Source "ChessBase"]
[SourceQuality "1"]

{[%evp 25,74,71,74,72,93,91,84,31,82,52,73,27,75,57,93,75,66,49,72,76,86,81,81,70,76,47,47,44,52,36,44,34,38,55,70,7,14,-166,-160,-137,1654,-46,29990,-70,827,-178,2814,0,797,-185,1483]} 1. e4 c5 2. c4 Nc6 3. Ne2 g6 4. d4 cxd4 5. Nxd4 Bg7 6. Be3 Nf6 7. Nc3 Ng4 8. Qxg4 Nxd4 9. Qd1 Nc6 10. Rc1 d6 11. Be2 O-O 12. O-O b6 13. Qd2 Bb7 {LiveBook: 5 Games. B39: Sicilian: Maroczy Bind with 5...Bg7 and 7...Ng4} 14. b3 (14. Rfd1 Re8 15. b3 Qd7 16. h3 h5 17. Bh6 Bh8 18. Nd5 {1-0 (31) Jessel,S (2367)-Aguilar,L (2301) Baku 2016}) 14... Qd7 15. f4 Rad8 {White is better.} 16. Rfd1 $146 (16. Bf3 $16) ({Predecessor:} 16. f5 Rfe8 17. Bg4 Ne5 18. Bh3 {½-½ (92) Wang,S (2013)-Liu,Z (2168) Shenzhen 2016}) 16... Qc8 (16... e5 $14) 17. Bf3 Qa8 18. Qf2 Kh8 19. Nd5 f5 20. Qh4 Rd7 21. Nc3 Nd8 {[#]} 22. exf5 $1 gxf5 23. Bxb7 Qxb7 24. Qh3 e5 25. Nd5 Ne6 26. Rf1 e4 27. Kh1 b5 28. g4 bxc4 29. bxc4 Nc7 30. Rb1 ({White should play} 30. Rfd1 $14) 30... Qa6 $11 31. g5 $2 (31. gxf5 $11 Nxd5 32. cxd5) 31... Nxd5 $19 32. cxd5 Rdf7 $2 {[%mdl 8192]} (32... Qxa2 $17 33. g6 h6) 33. Rg1 $2 (33. g6 $1 $18 {[%csl Gg6][%cal Rh3h7]} h6 34. gxf7) 33... Qxa2 $2 {[%mdl 8192]} (33... Rc7 $15) 34. Rbd1 $2 (34. g6 {mates} Bc3 35. gxf7 Qxd5 {[#]} 36. Rg8+ $1 {[%mdl 512]} Rxg8 37. fxg8=B Qxg8 38. Bxa7 e3 39. Rb8 Qxb8 40. Bxb8) 34... Qe2 $2 {[%mdl 8192]} (34... Re7 $15) 35. Rdf1 $4 {[%mdl 8192]} (35. g6 $18 {[%csl Gg6][%cal Rh3h7]} Qf3+ 36. Qxf3 exf3 37. gxf7) 35... Qd3 $4 {[%mdl 8192]} (35... Rb7 $19 36. Rc1 Qd3) 36. Rd1 (36. g6 $142 h6 37. gxf7 Rxf7 38. Rg6) 36... Qe2 $18 37. Rdf1 $4 {[%mdl 8192]} (37. g6 $18 {[%csl Gg6][%cal Rh3h7] is the narrow road to win.} Qf3+ 38. Qxf3 exf3 39. gxf7) 37... Qd3 $4 {[%mdl 40960] Precision: White = 18%, Black = 17%. . An unexpected result.} (37... Rb7 $19 38. Rf2 Qd3) 1/2-1/2

[Event "IOM Open-Masters 2017"]
[Site "Douglas"]
[Date "2017.09.28"]
[Round "6"]
[White "Swayams, Mishra"]
[Black "Thilakarathne, G M H"]
[Result "1-0"]
[WhiteElo "2444"]
[BlackElo "2053"]
[Annotator "TA"]
[PlyCount "95"]
[EventDate "2017.??.??"]
[EventType "swiss"]
[EventCountry "GBR"]
[SourceTitle "playchess.com"]
[Source "ChessBase"]
[SourceQuality "1"]

{[%evp 25,95,-31,-21,-74,0,-30,7,-64,127,133,145,182,175,169,189,171,181,160,173,150,168,168,173,200,205,197,183,175,226,232,221,206,261,272,267,265,335,329,311,258,247,257,233,258,228,193,333,0,8,0,0,0,220,159,1048,965,5547,3633,29979,29980,29980,29981,29981,29982,29987,29988,29988,29987,29993,29994,29994,29994]} 1. Nf3 Nf6 2. c4 e6 3. Nc3 d5 4. d4 c6 5. Bg5 h6 6. Bh4 dxc4 7. e4 b5 8. e5 g5 9. Bg3 Nd5 10. Nd2 {[%cal Bf3d2,Bd2e4,Be4g5][%mdl 32]} h5 {D44: Semi-Slav: Botvinnik System} (10... Bb7 11. h4 g4 12. Qxg4 Nd7 13. h5 Qa5 14. Nxd5 cxd5 15. Qd1 Qb6 16. Rh4 Be7 17. Rg4 O-O-O 18. a4 {0-1 (38) Rios,C (2499)-Ortiz Suarez,I (2570) Medellin 2017}) 11. h4 g4 12. Nde4 Nd7 13. Be2 Bb7 {LiveBook: 8 Games} 14. Qd2 (14. O-O $11 {keeps the balance.}) 14... Qb6 $146 ({Predecessor:} 14... a6 15. f3 c5 16. fxg4 hxg4 17. O-O Nxc3 18. bxc3 Bxe4 {0-1 (68) Zakhvatov,V (2341)-Viner,P (2195) Rowy 2000}) 15. a4 a5 16. O-O (16. Nd6+ $11 Bxd6 17. exd6) 16... O-O-O $2 (16... b4 $15 {keeps the upper hand.} 17. Nd6+ Bxd6 18. Nxd5 cxd5 19. exd6 O-O-O) 17. Ng5 $16 Nxc3 18. bxc3 Bh6 19. Rfb1 $1 Qc7 20. axb5 {Hoping for b6.} cxb5 21. Rxb5 Bxg5 22. Qxg5 Qc6 {[%csl Gb7][%cal Rc6g2] [#]} 23. Rxb7 $1 {[%mdl 512]} Kxb7 (23... Qxb7 24. Rxa5) 24. Rxa5 Nb6 25. Qe7+ Rd7 26. Qa3 $1 Ra8 (26... Rg8 $142 27. f3 Kb8 28. fxg4 hxg4) 27. Rxa8 $18 Nxa8 28. f3 Nb6 29. fxg4 hxg4 30. Bxg4 Qb5 31. Kh2 Qb3 32. Qa5 Nd5 33. Bf3 $1 Kb8 {[#]} 34. h5 $1 {[%cal Rh5h6]} Qxc3 {[#]} 35. Qb5+ $1 Rb7 (35... Kc7 {was necessary.}) 36. Qe8+ $2 (36. Qc5 $18 Rd7 37. Bxd5 Rxd5 38. Qf8+ Kc7 39. Qxf7+ Rd7 40. Qxe6) 36... Ka7 $11 37. h6 Qc2 38. Qd8 Qd2 $2 (38... Qc1 $1 $11 {and Black has nothing to worry.}) 39. Qh4 $36 {[%mdl 2048] Black must now prevent h7. White is on the roll.} f5 $2 (39... c3 $16 40. Bxd5 c2) 40. h7 $18 Rxh7 41. Qxh7+ Ka6 42. Bxd5 {White mates.} exd5 43. e6 f4 44. e7 f3 45. Qg6+ Kb7 46. Be5 f2 47. e8=Q {[%csl Ge5][%cal Re8b8]} f1=N+ 48. Kh1 {Precision: White = 74%, Black = 28%.} 1-0

[Event "IOM Open-Masters 2017"]
[Site "Douglas"]
[Date "2017.09.28"]
[Round "6"]
[White "Gaponenko, Inna"]
[Black "Hemant, Sharma (del)"]
[Result "0-1"]
[WhiteElo "2437"]
[BlackElo "2342"]
[Annotator "TA"]
[PlyCount "62"]
[EventDate "2017.??.??"]
[EventType "swiss"]
[EventCountry "GBR"]
[SourceTitle "playchess.com"]
[Source "ChessBase"]
[SourceQuality "1"]

{[%evp 19,62,0,13,-15,0,-7,0,-17,-17,-68,-61,-47,-30,-93,-66,-90,-70,-163,-171,-149,-77,-183,-170,-176,-183,-216,-212,-249,-253,-371,-362,-364,-200,-206,-185,-281,-235,-271,-306,-330,-329,-358,-358,-406,-407]} 1. e4 c5 2. Nf3 d6 3. d4 cxd4 4. Nxd4 Nf6 5. Nc3 a6 6. h3 e5 7. Nde2 h5 {B90: Sicilian Najdorf: Unusual White 6th moves, 6 Be3 Ng4 and 6 Be3 e5} 8. Bg5 (8. g3 Nbd7 9. Bg2 b5 10. Nd5 Nxd5 11. Qxd5 Qc7 12. Be3 Bb7 13. Qd2 Rc8 14. Nc3 Nb6 15. Bxb6 Qxb6 {½-½ (33) Nakamura,H (2792)-Vachier Lagrave,M (2791) Saint Louis 2017}) 8... Be7 9. Bxf6 Bxf6 10. Nd5 Bg5 {LiveBook: 15 Games} 11. g3 Nc6 12. h4 Bh6 13. Qd3 $146 ({Predecessor:} 13. Bg2 O-O 14. Qd3 Be6 15. c3 {0-1 (42) Li,C (2629)-Zhao,J (2586) Manila 2010}) 13... Be6 14. Nec3 ({Better is} 14. Bh3 $11) 14... Rc8 $15 15. Bh3 Nd4 16. Kf1 (16. f4 $11 {keeps the balance.}) 16... O-O $17 17. Kg2 Rc5 18. f4 ({White should try} 18. b4 $15 Rc6 19. a4) 18... Bxd5 $1 $19 19. exd5 Qc7 (19... b5 $142 {aiming for ...b4.} 20. a3 f5) 20. fxe5 (20. Raf1 $17 {was worth a try.}) 20... dxe5 21. Rhf1 g6 22. Rf2 f5 23. Kh2 b5 24. a3 (24. Raf1 $142) 24... Rc4 25. Raf1 Re8 (25... e4 $142 26. Qd1 Be3) 26. Bg2 Kg7 27. Kh1 (27. a4 $142) 27... Rf8 28. d6 Qxd6 29. b3 Rcc8 30. Ne2 Rfd8 31. Nxd4 exd4 {Precision: White = 19%, Black = 74%.} ({Resist} 31... Qxd4 32. Qxd4 Rxd4 33. Bb7 $19) 0-1